Most Streamed David Bowie Songs - Statistics

General Stats
  • This quiz has been taken 63 times
  • The average score is 13 of 20
Answer Stats
# Streams Answer % Correct
4 453,286,943 Space Oddity
91%
2 690,347,703 Starman
91%
6 370,722,121 Life on Mars?
87%
7 355,813,138 Let's Dance
83%
11 173,292,784 Let's Dance - 2002 Remaster
83%
3 607,842,613 Heroes
80%
9 245,614,655 Changes
78%
1 2,017,714,646 Under Pressure
78%
12 172,626,275 Ziggy Stardust
76%
5 434,210,056 Rebel Rebel
67%
20 78,188,524 China Girl
65%
8 266,310,555 Moonage Daydream
57%
14 115,186,557 Ashes to Ashes
54%
10 239,655,394 Modern Love
54%
19 82,421,109 Suffragette City
52%
13 137,849,371 The Man Who Sold The World
46%
15 104,704,349 Fame
41%
18 88,198,330 Young Americans
41%
17 94,697,428 Golden Years
30%
16 102,642,027 Sound and Vision
30%
No matching quizzes found
Score Distribution
Percent of People with Each Score
Percentile by Number Answered
Your Score History
You have not taken this quiz